Galantský a Šaliansky žurnál regionálny časopis pre okresy Šaľa a Galanta

Bibliographic Details
Other Authors: Jaššová, Alena (Publishing director)
Format: Journal
Language:Slovak
PhysicalDescription:zv. 30 cm
Published: Šaľa Vydavateľstvo "Helena" 1999-
ISSN:1339-1933
Subjects:
Online Access:http://www.zurnaly.sk/index.php?link=gszurnal

MARC

LEADER 00000cas a2200000 a 4500
001 vtls008832095
003 SK-MaSNL
005 20260228161106.0
008 060719c19999999xo br|p 0 b0slo
022 |a 1339-1933 
040 |a SNK  |b slo  |c SNK  |e AACR2 
041 0 |a slo 
043 |a e-xo--- 
044 |a xo  |c SK 
072 7 |a 352/354  |x Stupne miestnej, oblastnej a ústrednej správy  |2 konspekt 
072 7 |a 316  |x Sociológia  |2 konspekt 
080 |a 353.9  |2 2011 
080 |a 316.728  |2 2011 
080 |a (437.614.519)  |2 2011 
080 |a (437.612)  |2 2011 
080 |a 050  |2 2011 
080 |a (051)+(054)(437.6)  |2 2011 
210 0 |a Galantský šaliansky ž. 
222 0 |a Galantský a šaliansky žurnál 
245 0 0 |a Galantský a Šaliansky žurnál  |b regionálny časopis pre okresy Šaľa a Galanta 
260 |a Šaľa  |b Vydavateľstvo "Helena"  |c 1999- 
300 |a zv.  |c 30 cm 
310 |a 6x ročne  |b 2015- 
321 |a 1x mesačne  |b - 2014 
362 0 |a Roč. III, jan. (1999)- 
500 |a Reg. č.: 2/1997/12765/X OÚ Šaľa ; EV 3497/09 
500 |a Šéfredaktorka: ?-, Alena Jaššová 
500 |a Podnázov sa mení 
650 0 7 |a územná samospráva  |2 SNKPH  |9 802 
650 0 7 |a spoločenský život  |2 SNKPH  |9 28654 
651 7 |a Šaľa (Slovensko)  |2 SNKPHgeo  |9 27574 
651 7 |a Galanta (Slovensko)  |2 SNKPHgeo  |9 15687 
655 7 |a regionálne periodiká  |2 SNKPH  |9 131775 
700 1 |a Jaššová, Alena  |4 pbd  |9 267960 
856 4 1 |u http://www.zurnaly.sk/index.php?link=gszurnal 
910 |a snk 
916 |a 1999-2015, 2016-2019, 2020 
999 |c 4288  |d 6218 
952 |0 0  |1 0  |4 0  |7 0  |8 0  |a SNK  |b SNK  |d 2025-09-17  |i snk2025/14573  |l 0  |o snkČSB 5348/25/2021  |p 17A1557871  |r 2026-02-21 19:51:39  |t č. 1-6  |w 2026-02-21  |y PREZ 
952 |0 0  |1 0  |4 0  |7 0  |8 0  |a SNK  |b SNK  |d 2025-09-17  |i snk2025/14574  |l 0  |o snkČSB 5348/26/2022  |p 17A1557872  |r 2026-02-21 19:51:39  |t č. 1-6  |w 2026-02-21  |y PREZ  |z Č. 5/2022 je vydané 2x ; Septembrové č. 5 by malo byť č. 4 ;  
952 |0 0  |1 0  |4 0  |7 0  |8 0  |a SNK  |b SNK  |d 2025-09-17  |i snk2025/14583  |l 0  |o snkČSB 5348/27/2023  |p 17A1557873  |r 2026-02-21 19:51:39  |t č. 1-5  |w 2026-02-21  |y PREZ 
952 |0 0  |1 0  |4 0  |7 0  |8 0  |a SNK  |b SNK  |d 2025-09-17  |i snk2025/14584  |l 0  |o snkČSB 5348/28/2024  |p 17A1557874  |r 2026-02-21 19:51:39  |t č. 1-5  |w 2026-02-21  |y PREZ 
952 |0 0  |1 0  |4 0  |7 0  |8 0  |a SNK  |b SNK  |d 2015-05-21  |f 1  |i snk2015/16373  |l 0  |o snkČSB 5348/9/2005  |p 17A1047724  |r 2026-02-21 20:13:57  |t č. 1-12  |w 2026-02-21  |y PREZ 
952 |0 0  |1 0  |4 0  |7 0  |8 0  |a SNK  |b SNK  |d 2007-02-13  |i snk2007/4160  |l 0  |o snkČSB 5348/3/1999 D1  |p 17A0524898  |r 2026-02-21 20:19:57  |t č. 1-12  |w 2026-02-21  |y PREZ 
952 |0 0  |1 0  |4 0  |7 0  |8 0  |a SNK  |b SNK  |d 2007-02-13  |f 1  |i snk2007/4161  |l 0  |o snkČSB 5348/4/2000  |p 17A0524895  |r 2026-02-21 20:19:57  |t č. 1-12  |w 2026-02-21  |y PREZ 
952 |0 0  |1 0  |4 0  |7 0  |8 0  |a SNK  |b SNK  |d 2007-02-13  |i snk2007/4184  |l 0  |o snkČSB 5348/4/2000 D1  |p 17A0524896  |r 2026-02-21 20:19:57  |t č. 1-12  |w 2026-02-21  |y PREZ 
952 |0 0  |1 0  |4 0  |7 0  |8 0  |a SNK  |b SNK  |d 2007-02-13  |f 1  |i snk2007/4188  |l 0  |o snkČSB 5348/5/2001  |p 17A0524894  |r 2026-02-21 20:19:57  |t č. 1-12, neúplné  |w 2026-02-21  |y PREZ  |z Chýba č. 6,7 
952 |0 0  |1 0  |4 0  |7 0  |8 0  |a SNK  |b SNK  |d 2007-02-13  |f 1  |i snk2007/4190  |l 0  |o snkČSB 5348/6/2002  |p 17A0524893  |r 2026-02-21 20:19:57  |t č. 1-12, neúplné  |w 2026-02-21  |y PREZ  |z Chýba č. 9,11. 
952 |0 0  |1 0  |4 0  |7 0  |8 0  |a SNK  |b SNK  |d 2007-02-13  |f 1  |i snk2007/4191  |l 0  |o snkČSB 5348/7/2003  |p 17A0524891  |r 2026-02-21 20:19:58  |t č. 1-12  |w 2026-02-21  |y PREZ 
952 |0 0  |1 0  |4 0  |7 0  |8 0  |a SNK  |b SNK  |d 2007-02-13  |i snk2007/4192  |l 0  |o snkČSB 5348/7/2003 D1  |p 17A0524892  |r 2026-02-21 20:19:58  |t č. 1-12, neúplné  |w 2026-02-21  |y PREZ  |z Chýba č. 1-4. 
952 |0 0  |1 0  |4 0  |7 0  |8 0  |a SNK  |b SNK  |d 2007-02-13  |f 1  |i snk2007/4159  |l 0  |o snkČSB 5348/3/1999  |p 17A0524897  |r 2026-02-21 20:28:57  |t č. 1-12  |w 2026-02-21  |y PREZ 
952 |0 0  |1 0  |4 0  |7 0  |8 0  |a SNK  |b SNK  |d 2015-05-21  |f 1  |i snk2015/16376  |l 0  |o snkČSB 5348/10/2006  |p 17A1047726  |r 2026-02-21 21:34:35  |t č. 1-12, neúplné  |w 2026-02-21  |y PREZ  |z Chýba č. 9 
952 |0 0  |1 0  |4 0  |7 0  |8 0  |a SNK  |b SNK  |d 2015-05-21  |f 1  |i snk2015/16377  |l 0  |o snkČSB 5348/11/2007  |p 17A1047727  |r 2026-02-21 21:34:35  |t č. 1-12, neúplné  |w 2026-02-21  |y PREZ  |z Chýba č. 1-2 
952 |0 0  |1 0  |4 0  |7 0  |8 0  |a SNK  |b SNK  |d 2015-05-21  |f 1  |i snk2015/16378  |l 0  |o snkČSB 5348/12/2008  |p 17A1047728  |r 2026-02-21 21:34:35  |t č. 1-12  |w 2026-02-21  |y PREZ 
952 |0 0  |1 0  |4 0  |7 0  |8 0  |a SNK  |b SNK  |d 2015-05-21  |f 1  |i snk2015/16379  |l 0  |o snkČSB 5348/13/2009  |p 17A1047729  |r 2026-02-21 21:34:35  |t č. 1-12  |w 2026-02-21  |y PREZ 
952 |0 0  |1 0  |4 0  |7 0  |8 0  |a SNK  |b SNK  |d 2015-05-21  |f 1  |i snk2015/16381  |l 0  |o snkČSB 5348/14/2010  |p 17A1047730  |r 2026-02-21 21:34:35  |t č. 1-12  |w 2026-02-21  |y PREZ 
952 |0 0  |1 0  |4 0  |7 0  |8 0  |a SNK  |b SNK  |d 2015-05-21  |f 1  |i snk2015/16382  |l 0  |o snkČSB 5348/15/2011  |p 17A1047731  |r 2026-02-21 21:34:36  |t č. 1-11  |w 2026-02-21  |y PREZ 
952 |0 0  |1 0  |4 0  |7 0  |8 0  |a SNK  |b SNK  |d 2015-05-21  |f 1  |i snk2015/16383  |l 0  |o snkČSB 5348/16/2012  |p 17A1047732  |r 2026-02-21 21:34:36  |t č. 1-12, neúplné  |w 2026-02-21  |y PREZ  |z Chýba č. 6, 11 
952 |0 0  |1 0  |4 0  |7 0  |8 0  |a SNK  |b SNK  |d 2015-05-21  |f 1  |i snk2015/16385  |l 0  |o snkČSB 5348/17/2013  |p 17A1047733  |r 2026-02-21 21:34:36  |t č. 1-10, neúplné  |w 2026-02-21  |y PREZ  |z Chýba č. 6 
952 |0 0  |1 0  |4 0  |7 0  |8 0  |a SNK  |b SNK  |d 2015-05-21  |f 1  |i snk2015/16369  |l 0  |o snkČSB 5348/8/2004  |p 17A1047723  |r 2026-02-21 21:34:51  |t č. 1-12  |w 2026-02-21  |y PREZ 
952 |0 0  |1 0  |4 0  |7 0  |8 0  |a SNK  |b SNK  |d 2021-06-14  |f 1  |i snk2021/6840  |l 0  |o snkČSB 5348/24/2020  |p 17A1433920  |r 2026-02-21 21:40:08  |t č. 1-6  |w 2026-02-21  |y PREZ 
952 |0 0  |1 0  |4 0  |7 0  |8 0  |a SNK  |b SNK  |d 2020-03-12  |f 1  |i snk2020/6352  |l 0  |o snkČSB 5348/20/2016  |p 17A1387119  |r 2026-02-21 21:52:59  |t č. 1-6  |w 2026-02-21  |y PREZ 
952 |0 0  |1 0  |4 0  |7 0  |8 0  |a SNK  |b SNK  |d 2020-03-12  |f 1  |i snk2020/6355  |l 0  |o snkČSB 5348/21/2017  |p 17A1387120  |r 2026-02-21 21:52:59  |t č. 1-6  |w 2026-02-21  |y PREZ 
952 |0 0  |1 0  |4 0  |7 0  |8 0  |a SNK  |b SNK  |d 2020-03-12  |f 1  |i snk2020/6362  |l 0  |o snkČSB 5348/22/2018  |p 17A1387121  |r 2026-02-21 21:52:59  |t č. 1-6, neúplné  |w 2026-02-21  |y PREZ  |z Chýba č. 6 
952 |0 0  |1 0  |4 0  |7 0  |8 0  |a SNK  |b SNK  |d 2020-03-12  |f 1  |i snk2020/6367  |l 0  |o snkČSB 5348/23/2019-2020  |p 17A1387122  |r 2026-02-21 21:53:00  |t č. febr.-dec./jan.  |w 2026-02-21  |y PREZ 
952 |0 0  |1 0  |4 0  |7 0  |8 0  |a SNK  |b SNK  |d 2016-03-21  |f 1  |i snk2016/7780  |l 0  |o snkČSB 5348/18/2014  |p 17A1098303  |r 2026-02-21 22:09:09  |t č. 1-10, neúplné  |w 2026-02-21  |y PREZ  |z Chýba č. 11 ( november) špeciál 
952 |0 0  |1 0  |4 0  |7 0  |8 0  |a SNK  |b SNK  |d 2016-03-21  |f 1  |i snk2016/7783  |l 0  |o snkČSB 5348/19/2015  |p 17A1098302  |r 2026-02-21 22:09:09  |t č. 1-6  |w 2026-02-21  |y PREZ